[Event "Cappelle-la-Grande"]
[Site "Cappelle-la-Grande (FRA)"]
[Date "2013.02.23"]
[Round "1.13"]
[White "Clery, Nicolas"]
[Black "Kravtsiv, Martyn"]
[Result "1/2-1/2"]
[WhiteElo "2373"]
[BlackElo "2597"]
[PlyCount "77"]
[EventDate "2013.??.??"]

1. c4 e6 2. Nf3 Nf6 3. d4 d5 4. Nc3 Bb4 5. cxd5 exd5 6. Qa4+ Nc6 7. Bg5 h6 8.
Bxf6 Qxf6 9. e3 O-O 10. Be2 Be6 11. a3 Bd6 12. Nb5 Bg4 13. O-O Ne7 14. Nxd6
Qxd6 15. Qb4 Qxb4 16. axb4 a6 17. b5 axb5 18. Bxb5 Bxf3 19. gxf3 Rfd8 20. Rfc1
c6 21. Bd3 g6 22. Kf1 Kg7 23. Ke2 g5 24. b4 Kf6 25. b5 Ke6 26. bxc6 bxc6 27.
Kf1 Rdb8 28. Rxa8 Rxa8 29. Rc3 Ra1+ 30. Kg2 f5 31. h4 gxh4 32. f4 Rd1 33. Bc2
Re1 34. Bd3 Kd6 35. Rc2 Ra1 36. Kh3 Rh1+ 37. Kg2 Ra1 38. Kh3 Rh1+ 39. Kg2
1/2-1/2

[Event "Cappelle-la-Grande"]
[Site "Cappelle-la-Grande (FRA)"]
[Date "2013.02.23"]
[Round "1.14"]
[White "Vovk, Yuri"]
[Black "Grekh, Andrey"]
[Result "1/2-1/2"]
[WhiteElo "2594"]
[BlackElo "2373"]
[PlyCount "99"]
[EventDate "2013.??.??"]

1. e4 c6 2. d4 d5 3. e5 c5 4. dxc5 e6 5. a3 Nc6 6. Nf3 Qc7 7. b4 a5 8. Nc3 axb4
9. Nb5 Qa5 10. Bd3 Bxc5 11. O-O Nge7 12. Bd2 Qd8 13. axb4 Rxa1 14. Qxa1 Nxb4
15. Be3 Nxd3 16. cxd3 d4 17. Bxd4 Bxd4 18. Nfxd4 O-O 19. Nd6 Ng6 20. Rc1 Bd7
21. Nxb7 Qe7 22. Nf3 Bb5 23. Nd6 Bxd3 24. Qa5 Be2 25. Rc7 Qd8 26. Qa7 Nxe5 27.
Nxe5 Qxd6 28. f4 Qd1+ 29. Kf2 Qd2 30. Qe3 Qxe3+ 31. Kxe3 Bf1 32. g4 f6 33. Nd7
Re8 34. g5 Bb5 35. Nc5 fxg5 36. fxg5 e5 37. h4 Bc4 38. Ne4 Bd5 39. Nd6 Rf8 40.
Rc5 Bf7 41. Ke4 Bg6+ 42. Kxe5 Rf1 43. Rc8+ Rf8 44. Rc7 Rf1 45. Ke6 Re1+ 46. Kd7
h6 47. gxh6 gxh6 48. Rc3 Kh7 49. Rc5 h5 50. Rc4 1/2-1/2

[Event "Cappelle-la-Grande"]
[Site "Cappelle-la-Grande (FRA)"]
[Date "2013.02.23"]
[Round "1.15"]
[White "Shirazi, Kamran"]
[Black "Zubarev, Alexander"]
[Result "1-0"]
[WhiteElo "2373"]
[BlackElo "2591"]
[PlyCount "53"]
[EventDate "2013.??.??"]

1. e4 c5 2. f4 e6 3. Nf3 d5 4. d3 Nf6 5. Qe2 Be7 6. g3 b5 7. c3 O-O 8. e5 Nfd7
9. Bg2 a5 10. O-O a4 11. f5 Nc6 12. fxe6 fxe6 13. h4 Qe8 14. Bf4 c4 15. d4 b4
16. a3 bxc3 17. Nxc3 Nb6 18. Rf2 Bd7 19. Raf1 Rb8 20. Bh3 Qg6 21. Rg2 Rb7 22.
Qd1 Na5 23. Kh2 Nb3 24. Rgf2 Qd3 25. Qe1 Nxd4 26. Nxd4 Qxd4 27. Be3 1-0

[Event "Cappelle-la-Grande"]
[Site "Cappelle-la-Grande (FRA)"]
[Date "2013.02.23"]
[Round "1.16"]
[White "Zhigalko, Andrey"]
[Black "Tugui, Adrian"]
[Result "1-0"]
[WhiteElo "2588"]
[BlackElo "2370"]
[PlyCount "57"]
[EventDate "2013.??.??"]

1. e4 c5 2. Nf3 a6 3. c3 d5 4. exd5 Qxd5 5. d4 e6 6. Bd3 Nf6 7. O-O Nc6 8. a3
cxd4 9. cxd4 Be7 10. Nc3 Qd6 11. Bg5 O-O 12. Qd2 b6 13. Bxf6 Bxf6 14. Ne4 Qd8
15. Nxf6+ Qxf6 16. Be4 Bb7 17. Ne5 Nxe5 18. Bxb7 Rad8 19. Rad1 Qe7 20. Bxa6 Nc6
21. Qc3 Rd6 22. Rd2 Rfd8 23. Rfd1 g6 24. Bc4 Na5 25. Ba2 Qd7 26. d5 exd5 27.
Rxd5 Qa4 28. Qf3 Nc4 29. Bxc4 1-0

[Event "Cappelle-la-Grande"]
[Site "Cappelle-la-Grande (FRA)"]
[Date "2013.02.23"]
[Round "1.17"]
[White "Soors, Stef"]
[Black "Vorobiov, Evgeny E"]
[Result "0-1"]
[WhiteElo "2369"]
[BlackElo "2584"]
[PlyCount "94"]
[EventDate "2013.??.??"]

1. e4 c5 2. Nf3 e6 3. c3 d5 4. exd5 Qxd5 5. d4 Nf6 6. Na3 Qd8 7. Nc2 Nbd7 8.
Bd3 b6 9. Qe2 Qc7 10. O-O Bd6 11. Na3 a6 12. Nc4 Bb7 13. Rd1 Be7 14. Nce5 cxd4
15. cxd4 O-O 16. Bf4 Nd5 17. Rac1 Qd8 18. Bd2 b5 19. h4 N7f6 20. Ng5 Qb6 21.
Bb1 Qxd4 22. g3 h6 23. Ba5 Qa4 24. Be1 hxg5 25. hxg5 Rfc8 26. gxf6 Nxf6 27. Ng6
Bf8 28. Nxf8 Kxf8 29. Qe5 Rxc1 30. Rxc1 Qg4 31. Rc7 Qf3 32. Rxb7 Qxb7 33. Bc3
Rd8 34. Bc2 Qd5 35. Qf4 Qc4 36. Qe5 b4 37. Bb3 Qb5 38. Qc7 Re8 39. Qd6+ Kg8 40.
Bxb4 Nd5 41. Bc5 Rc8 42. Bd4 Qd3 43. Bc3 Qb1+ 44. Kh2 Nxc3 45. bxc3 Qe1 46. Kg2
Qe4+ 47. Kh2 Rxc3 0-1

[Event "Cappelle-la-Grande"]
[Site "Cappelle-la-Grande (FRA)"]
[Date "2013.02.23"]
[Round "1.18"]
[White "Gurevich, Mikhail"]
[Black "Nemcova, Katerina"]
[Result "1-0"]
[WhiteElo "2581"]
[BlackElo "2368"]
[PlyCount "109"]
[EventDate "2013.??.??"]

1. c4 Nf6 2. Nc3 e5 3. Nf3 Nc6 4. a3 d5 5. cxd5 Nxd5 6. Qc2 Nb6 7. e3 Bd6 8.
Bd3 h6 9. b4 O-O 10. Bh7+ Kh8 11. Bf5 Qe7 12. O-O Bxf5 13. Qxf5 Rae8 14. d3 Qe6
15. Qxe6 Rxe6 16. Bb2 Rd8 17. Rfd1 Kg8 18. Rac1 Re7 19. Kf1 Kf8 20. Ke2 Red7
21. g4 f6 22. h4 Kf7 23. h5 a5 24. b5 Ne7 25. Rc2 Ned5 26. Ne4 Na4 27. Ba1 Be7
28. Bxe5 fxe5 29. Nxe5+ Ke8 30. Nxd7 Rxd7 31. d4 Nf6 32. Nxf6+ Bxf6 33. f4 Kd8
34. Rg1 Rd5 35. Rgc1 Rd7 36. Kf3 Nb6 37. Rg1 Be7 38. Rc3 Rd5 39. Rb1 Na4 40.
Rcb3 Nb6 41. Ke4 Kd7 42. Rd3 Ke6 43. Kf3 Nc4 44. e4 Rd8 45. Rc1 Nxa3 46. Rxc7
Nxb5 47. d5+ Kf7 48. Rxb7 Nd6 49. Ra7 Nc4 50. e5 Ke8 51. d6 Bf8 52. Ke4 a4 53.
Kf5 Nb6 54. Ke6 Nd7 55. Rd5 1-0

[Event "Cappelle-la-Grande"]
[Site "Cappelle-la-Grande (FRA)"]
[Date "2013.02.23"]
[Round "1.20"]
[White "Burmakin, Vladimir"]
[Black "Giffard, Nicolas"]
[Result "1-0"]
[WhiteElo "2577"]
[BlackElo "2359"]
[PlyCount "109"]
[EventDate "2013.??.??"]

1. d4 d5 2. Nf3 Nf6 3. g3 Bf5 4. Bg2 e6 5. Nh4 Be4 6. f3 Bg6 7. Nxg6 hxg6 8. c4
c6 9. Qb3 Qb6 10. c5 Qc7 11. Bf4 Qc8 12. Qc3 Nbd7 13. Nd2 Nh5 14. Be3 Qc7 15.
Bf2 e5 16. dxe5 Nxe5 17. Bd4 Nd7 18. e4 Nhf6 19. e5 Nh7 20. f4 Be7 21. h4 Nhf8
22. Bh3 O-O-O 23. b4 Kb8 24. O-O Ne6 25. Bxe6 fxe6 26. Nf3 Rh6 27. Rfc1 Rdh8
28. a4 Ka8 29. Bf2 Qc8 30. b5 Nb8 31. Rab1 Rf8 32. Rb3 Bd8 33. Rcb1 Rf7 34. Nd4
Re7 35. bxc6 Nxc6 36. Nb5 Na5 37. Nd6 Qc6 38. Rb5 Qa6 39. Be1 Rh8 40. Rxa5 Bxa5
41. Qxa5 Qd3 42. Qb5 Qc2 43. Bf2 g5 44. fxg5 Rf8 45. Rb2 Qc1+ 46. Kg2 d4 47.
Bxd4 Qd1 48. Qc4 Qf3+ 49. Kh2 Qc6 50. Bf2 a6 51. Qe4 Qxe4 52. Nxe4 Rc7 53. Kg2
Rf5 54. Bd4 Rc6 55. h5 1-0

[Event "Cappelle-la-Grande"]
[Site "Cappelle-la-Grande (FRA)"]
[Date "2013.02.23"]
[Round "1.21"]
[White "Berkovich, Mark A"]
[Black "Fedorov, Alexei"]
[Result "0-1"]
[WhiteElo "2354"]
[BlackElo "2576"]
[PlyCount "80"]
[EventDate "2013.??.??"]

1. Nf3 Nf6 2. d4 g6 3. Bg5 Bg7 4. Nbd2 O-O 5. e3 d6 6. Be2 Qe8 7. O-O Nbd7 8.
c3 e5 9. dxe5 Nxe5 10. Nxe5 Qxe5 11. Bf4 Qe7 12. Qb3 a5 13. a4 Nd7 14. Qd1 Nc5
15. Nb3 g5 16. Bg3 Ne4 17. Nd2 Nxg3 18. hxg3 f5 19. Qb3+ Kh8 20. Rac1 g4 21.
Bd3 Be6 22. Qc2 d5 23. f4 gxf3 24. Nxf3 c5 25. Nh4 Be5 26. Rf3 Bxg3 27. Rxg3
Qxh4 28. Qf2 Qxa4 29. c4 dxc4 30. Qf4 Rf6 31. Rf1 Raf8 32. Bb1 Qd7 33. Qe5 Qd5
34. Qc3 b5 35. Qxa5 Qe5 36. Rh3 Qxb2 37. Qc7 R6f7 38. Qxc5 Rg8 39. Rh2 Rfg7 40.
Qc6 Qe2 0-1

[Event "Cappelle-la-Grande"]
[Site "Cappelle-la-Grande (FRA)"]
[Date "2013.02.23"]
[Round "1.22"]
[White "Popovic, Dusan"]
[Black "Marechal, Andy"]
[Result "1/2-1/2"]
[WhiteElo "2574"]
[BlackElo "2354"]
[PlyCount "97"]
[EventDate "2013.??.??"]

1. e4 e6 2. d4 d5 3. Nd2 Nf6 4. e5 Nfd7 5. Bd3 c5 6. c3 Nc6 7. Ngf3 f6 8. exf6
Nxf6 9. O-O cxd4 10. cxd4 Bd6 11. b3 O-O 12. Bb2 Qb6 13. Ne5 Bd7 14. Ndf3 Rae8
15. Ng5 Qc7 16. Rc1 Re7 17. Re1 h6 18. Ngf3 Be8 19. h3 Nh5 20. Nxc6 bxc6 21.
Ne5 Nf4 22. Bb1 g5 23. Qd2 Rg7 24. Re3 Bxe5 25. dxe5 Kh8 26. Ba3 Rfg8 27. Bd3
h5 28. Bf1 Qf7 29. Rf3 Qg6 30. g3 h4 31. g4 Rf7 32. Bc5 Qg7 33. Rcc3 Qg6 34. b4
Rgg7 35. Be3 Qe4 36. Bxf4 gxf4 37. b5 cxb5 38. Bg2 Qxe5 39. Rc8 Rg8 40. Qa5 Qf6
41. Rfc3 Rgf8 42. Qa3 Kg7 43. Qd6 a5 44. Rc1 Qe7 45. Qe5+ Qf6 46. Qd6 Qe7 47.
Qe5+ Qf6 48. Qd6 Qe7 49. Qe5+ 1/2-1/2

[Event "Cappelle-la-Grande"]
[Site "Cappelle-la-Grande (FRA)"]
[Date "2013.02.23"]
[Round "1.25"]
[White "Calistri, Tristan"]
[Black "Cornette, Matthieu"]
[Result "1/2-1/2"]
[WhiteElo "2349"]
[BlackElo "2567"]
[PlyCount "50"]
[EventDate "2013.??.??"]

1. e4 e6 2. d4 d5 3. Nc3 Nf6 4. e5 Nfd7 5. f4 c5 6. Nf3 Nc6 7. Be3 cxd4 8. Nxd4
Bc5 9. Qd2 O-O 10. O-O-O Bxd4 11. Bxd4 Qa5 12. Kb1 Rb8 13. Be3 b5 14. Ne2 b4
15. Nd4 Nxd4 16. Bxd4 Nc5 17. Bxc5 Qxc5 18. h4 Bd7 19. h5 Rfc8 20. Rh3 Bb5 21.
Bd3 Rc6 22. f5 Bxd3 23. Rxd3 Rbc8 24. Rc1 exf5 25. Rxd5 Qe7 1/2-1/2

[Event "Cappelle-la-Grande"]
[Site "Cappelle-la-Grande (FRA)"]
[Date "2013.02.23"]
[Round "1.26"]
[White "Malakhatko, Vadim"]
[Black "Hartikainen, Markku"]
[Result "1-0"]
[WhiteElo "2565"]
[BlackElo "2348"]
[PlyCount "99"]
[EventDate "2013.??.??"]

1. c4 e5 2. Nc3 Nf6 3. e3 Bb4 4. Nge2 O-O 5. a3 Be7 6. d4 exd4 7. Qxd4 Nc6 8.
Qd1 d6 9. Nf4 Bf5 10. Be2 Ne5 11. O-O c6 12. b3 Qc7 13. Bb2 Rad8 14. Kh1 Rfe8
15. f3 Ng6 16. Nd3 Bxd3 17. Bxd3 d5 18. Qc2 Bd6 19. cxd5 Rxe3 20. dxc6 Bxh2 21.
Nb5 Qf4 22. c7 Rexd3 23. Qxd3 Rxd3 24. c8=Q+ Nf8 25. Rad1 Rd7 26. Rxd7 N6xd7
27. Qc3 Ne6 28. Qc8+ Ndf8 29. Qc4 Qh6 30. Bc1 Nf4 31. Qc8 Bg3+ 32. Qh3 Qg5 33.
Bxf4 Qxb5 34. Bxg3 Qxf1+ 35. Kh2 Ne6 36. Qf5 Qc1 37. Qd5 Qh6+ 38. Kg1 Qe3+ 39.
Kh2 Qh6+ 40. Kg1 Qc1+ 41. Kh2 Qxa3 42. Qxb7 h5 43. b4 a6 44. Qa8+ Kh7 45. b5 h4
46. Bb8 Ng5 47. bxa6 Qa2 48. f4 Ne6 49. a7 Qa4 50. Qf3 1-0

[Event "Cappelle-la-Grande"]
[Site "Cappelle-la-Grande (FRA)"]
[Date "2013.02.23"]
[Round "1.27"]
[White "Hopman, Pieter"]
[Black "Vazquez Igarza, Renier"]
[Result "1/2-1/2"]
[WhiteElo "2347"]
[BlackElo "2565"]
[PlyCount "134"]
[EventDate "2013.??.??"]

1. d4 Nf6 2. c4 e6 3. Nf3 d5 4. g3 Bb4+ 5. Nbd2 dxc4 6. Qa4+ Nc6 7. Bg2 O-O 8.
O-O c3 9. Nc4 Bd7 10. Qc2 Nd5 11. e4 cxb2 12. Bxb2 Nb6 13. Ne3 Re8 14. d5 exd5
15. exd5 Ne7 16. Bxg7 Nexd5 17. Nxd5 Nxd5 18. Bb2 Bf8 19. Rfd1 c6 20. h4 h6 21.
Ne5 Be6 22. Ng6 Bg7 23. Bxg7 Kxg7 24. Nf4 Bg4 25. Bxd5 cxd5 26. Qc3+ Qf6 27.
Qxf6+ Kxf6 28. Nxd5+ Kg7 29. Rd4 Bf3 30. Nc7 Red8 31. Rf4 Rac8 32. Rxf3 Rxc7
33. Rb1 Rd4 34. Kg2 b6 35. Rb5 Ra4 36. a3 Rac4 37. Rbf5 R4c5 38. R5f4 b5 39.
Rf6 R5c6 40. R6f4 a6 41. a4 Rc4 42. axb5 axb5 43. Kf1 Rc1+ 44. Ke2 R7c2+ 45.
Kd3 Rc3+ 46. Kd4 Rc4+ 47. Kd3 R1c3+ 48. Kd2 Rc2+ 49. Kd3 R4c3+ 50. Kd4 Rc7 51.
Kd3 Rb2 52. Rg4+ Kf8 53. Rf6 b4 54. Rgf4 Kg7 55. Rb6 Rc3+ 56. Kd4 Rd2+ 57. Ke5
Rc5+ 58. Ke4 Rc4+ 59. Kf5 Rxf4+ 60. gxf4 Rb2 61. Kg4 b3 62. f5 Rb1 63. f6+ Kh7
64. Kh5 Rf1 65. Rb7 Rxf2 66. Rxf7+ Kg8 67. Rg7+ Kf8 1/2-1/2

[Event "Cappelle-la-Grande"]
[Site "Cappelle-la-Grande (FRA)"]
[Date "2013.02.23"]
[Round "1.28"]
[White "Le Roux, Jean-Pierre"]
[Black "Westerinen, Heikki M.j"]
[Result "1-0"]
[WhiteElo "2564"]
[BlackElo "2339"]
[PlyCount "55"]
[EventDate "2013.??.??"]

1. d4 Nf6 2. Nf3 g6 3. c4 Bg7 4. g3 O-O 5. Bg2 d6 6. O-O Nc6 7. Nc3 a6 8. Bf4
Bf5 9. Rc1 Ne4 10. Nxe4 Bxe4 11. d5 e5 12. Nxe5 Bxg2 13. Nxc6 bxc6 14. Kxg2
Bxb2 15. Rb1 Bg7 16. dxc6 Qe8 17. Qd5 Qxe2 18. Rfe1 Qxa2 19. Rb7 Be5 20. Bh6
Rfe8 21. Rxc7 Re6 22. Rxe5 Rf6 23. Be3 dxe5 24. Rb7 Qa4 25. c7 Qe8 26. Ba7 Rc8
27. Rb8 Kg7 28. Qa8 1-0

[Event "Cappelle-la-Grande"]
[Site "Cappelle-la-Grande (FRA)"]
[Date "2013.02.23"]
[Round "1.29"]
[White "Shalnev, Nikolai"]
[Black "Vovk, Andrey"]
[Result "0-1"]
[WhiteElo "2338"]
[BlackElo "2564"]
[PlyCount "98"]
[EventDate "2013.??.??"]

1. e4 c5 2. Nf3 d6 3. d4 cxd4 4. Nxd4 Nf6 5. Nc3 Nc6 6. g3 g6 7. Bg2 Nxd4 8.
Qxd4 Bg7 9. O-O O-O 10. h3 Be6 11. Qd1 Qc8 12. Kh2 Nd7 13. Nd5 Bxd5 14. exd5 b5
15. c3 Qb7 16. Be3 Rab8 17. a3 Nb6 18. Bxb6 Qxb6 19. Qe2 Bf6 20. h4 Rfc8 21.
Rac1 a5 22. Rfd1 Kg7 23. Be4 Rc5 24. Kg2 Rbc8 25. h5 b4 26. axb4 axb4 27. hxg6
hxg6 28. c4 b3 29. Bd3 Ra5 30. Bb1 Ra4 31. Bd3 Ra2 32. Rd2 Rh8 33. Rb1 Qc5 34.
Qe3 Qc8 35. Kg1 Qa8 36. Be4 Qa4 37. Qe2 Ra1 38. Rxa1 Qxa1+ 39. Rd1 Qa2 40. Kg2
Bxb2 41. Rd2 Qa1 42. Rd1 Qa3 43. c5 Bf6 44. Qd3 dxc5 45. d6 e6 46. Qb5 Bd4 47.
d7 Qa2 48. Rxd4 Qa1 49. Bb1 Qxd4 0-1

[Event "Cappelle-la-Grande"]
[Site "Cappelle-la-Grande (FRA)"]
[Date "2013.02.23"]
[Round "1.30"]
[White "Kovacevic, Aleksandar"]
[Black "Kostiuk, Tatiana"]
[Result "1-0"]
[WhiteElo "2563"]
[BlackElo "2338"]
[PlyCount "45"]
[EventDate "2013.??.??"]

1. e4 e5 2. Nf3 Nc6 3. Bb5 a6 4. Bxc6 dxc6 5. O-O f6 6. d4 exd4 7. Nxd4 c5 8.
Nb3 Qxd1 9. Rxd1 Bg4 10. f3 Be6 11. Bf4 Rd8 12. Nc3 Bd6 13. Bxd6 cxd6 14. Na5
Ke7 15. Nxb7 Rb8 16. Nxd6 Rxb2 17. Na4 Rxc2 18. Rab1 Nh6 19. Rb7+ Bd7 20. Nb6
Rd8 21. Nf5+ Nxf5 22. exf5 Rxa2 23. Nxd7 1-0

[Event "Cappelle-la-Grande"]
[Site "Cappelle-la-Grande (FRA)"]
[Date "2013.02.23"]
[Round "1.32"]
[White "Papin, Vasily"]
[Black "Klasan, Vladimir"]
[Result "1-0"]
[WhiteElo "2562"]
[BlackElo "2332"]
[PlyCount "65"]
[EventDate "2013.??.??"]

1. c4 Nf6 2. g3 c6 3. Nf3 d5 4. Bg2 g6 5. b3 Bg7 6. Bb2 O-O 7. O-O Bg4 8. d3
Nbd7 9. Nbd2 Re8 10. h3 Bxf3 11. Nxf3 e5 12. cxd5 cxd5 13. e3 Qa5 14. a3 Rac8
15. Rc1 Rxc1 16. Qxc1 e4 17. b4 Qa6 18. dxe4 dxe4 19. Nd2 Ne5 20. Qa1 Nd3 21.
Bd4 Qe6 22. Qb1 Qa6 23. Rd1 Qxa3 24. Nxe4 Nxe4 25. Rxd3 Qa6 26. Bxg7 Kxg7 27.
Rd7 Qc6 28. Rd4 f5 29. Qa1 Kh6 30. g4 Qc2 31. Bxe4 fxe4 32. Rd7 Rg8 33. g5+ 1-0

[Event "Cappelle-la-Grande"]
[Site "Cappelle-la-Grande (FRA)"]
[Date "2013.02.23"]
[Round "1.33"]
[White "Nilsson, Sebastian"]
[Black "Petkov, Vladimir"]
[Result "0-1"]
[WhiteElo "2330"]
[BlackElo "2559"]
[PlyCount "76"]
[EventDate "2013.??.??"]

1. e4 e5 2. Nf3 Nc6 3. Nc3 Nf6 4. d4 exd4 5. Nxd4 Bb4 6. Nxc6 bxc6 7. Bd3 d5 8.
exd5 cxd5 9. O-O O-O 10. h3 c6 11. Qf3 Bd6 12. Bf4 Rb8 13. b3 Qc7 14. Ne2 Re8
15. Bxd6 Qxd6 16. Qg3 Qxg3 17. Nxg3 a5 18. Rfe1 Be6 19. Re2 c5 20. Rae1 g6 21.
Re3 a4 22. f4 c4 23. bxc4 dxc4 24. Be4 Rb2 25. a3 Kf8 26. Bc6 Rc8 27. Bxa4 Nd5
28. Re5 Nc3 29. Ra5 Nxa4 30. Rxa4 Rxc2 31. Nf1 c3 32. Ne3 Rd2 33. Kf1 c2 34.
Rc1 Bb3 35. Ke1 Rcd8 36. Ra8 Rd1+ 37. Nxd1 cxd1=Q+ 38. Rxd1 Rxa8 0-1

[Event "Cappelle-la-Grande"]
[Site "Cappelle-la-Grande (FRA)"]
[Date "2013.02.23"]
[Round "1.34"]
[White "Borovikov, Vladislav"]
[Black "Klinova, Masha"]
[Result "1-0"]
[WhiteElo "2557"]
[BlackElo "2327"]
[PlyCount "59"]
[EventDate "2013.??.??"]

1. d4 d6 2. Nf3 Nf6 3. c4 g6 4. g3 Bg7 5. Bg2 O-O 6. O-O Nc6 7. Nc3 Rb8 8. Bf4
Bg4 9. d5 Na5 10. b3 c5 11. dxc6 bxc6 12. h3 Bd7 13. Qd2 c5 14. Rad1 Nc6 15.
Bh6 Qc8 16. Bxg7 Kxg7 17. Kh2 h6 18. Rfe1 Be6 19. Nh4 a5 20. f4 Rd8 21. Nf3 Qa6
22. Qc1 Nb4 23. e4 a4 24. f5 Nxa2 25. Nxa2 axb3 26. fxe6 bxa2 27. Qc3 fxe6 28.
e5 dxe5 29. Nxe5 Qa4 30. Ra1 1-0

[Event "Cappelle-la-Grande"]
[Site "Cappelle-la-Grande (FRA)"]
[Date "2013.02.23"]
[Round "1.36"]
[White "Eingorn, Vereslav S"]
[Black "Stephan, Victor"]
[Result "1-0"]
[WhiteElo "2547"]
[BlackElo "2324"]
[PlyCount "123"]
[EventDate "2013.??.??"]

1. c4 Nf6 2. Nf3 e6 3. g3 d5 4. Bg2 dxc4 5. Qa4+ Nbd7 6. Qxc4 a6 7. Qc2 c5 8.
Nc3 Bd6 9. d4 O-O 10. dxc5 Bxc5 11. O-O Qe7 12. Bf4 Bd6 13. Bxd6 Qxd6 14. Rfd1
Qc7 15. Rac1 b5 16. Nd5 Qxc2 17. Ne7+ Kh8 18. Rxc2 Bb7 19. Rc7 Be4 20. Rcxd7
Nxd7 21. Rxd7 Rfd8 22. Rxd8+ Rxd8 23. Ng5 Rd1+ 24. Bf1 Bg6 25. Nxg6+ fxg6 26.
Nxe6 Rd2 27. b3 Rxa2 28. e3 Kg8 29. h4 Kf7 30. Nd4 Ke7 31. Bd3 Kd6 32. h5 gxh5
33. Bxh7 g5 34. Bg6 h4 35. gxh4 gxh4 36. Bc2 Kc5 37. Kg2 a5 38. Kh3 a4 39. bxa4
bxa4 40. f4 a3 41. Kxh4 Rb2 42. Bb3 a2 43. Ne6+ Kd6 44. Bxa2 Rxa2 45. Ng5 Ke7
46. Kg4 Kf6 47. Ne4+ Ke6 48. Ng3 Ra3 49. e4 Ra4 50. Kg5 Ra3 51. Nf5 Ra4 52. Ng3
Ra3 53. Nh5 Ra4 54. Nf6 Rb4 55. Kg6 Ra4 56. Nh7 Ke7 57. Ng5 Ra6+ 58. Kg7 Ra7
59. f5 Ra5 60. f6+ Kd7 61. f7 Rxg5+ 62. Kh6 1-0

[Event "Cappelle-la-Grande"]
[Site "Cappelle-la-Grande (FRA)"]
[Date "2013.02.23"]
[Round "1.37"]
[White "Martynov, Pavel"]
[Black "Jovanic, Ognjen"]
[Result "1/2-1/2"]
[WhiteElo "2323"]
[BlackElo "2547"]
[PlyCount "85"]
[EventDate "2013.??.??"]

1. e4 e5 2. Nf3 Nc6 3. Bb5 a6 4. Ba4 Nge7 5. Nc3 d6 6. h3 g6 7. d4 b5 8. Bb3
Bg7 9. dxe5 dxe5 10. Bg5 Qxd1+ 11. Rxd1 f6 12. Be3 Na5 13. Ke2 Nxb3 14. axb3
Bb7 15. b4 Kf7 16. Nd2 a5 17. bxa5 b4 18. Na2 Nc6 19. Nb3 Ba6+ 20. Kf3 Bc8 21.
Bc5 Be6 22. Nxb4 Nxa5 23. Nxa5 Rxa5 24. Nd3 f5 25. b4 Ra2 26. Ne1 Rha8 27. g4
fxe4+ 28. Kxe4 c6 29. Rg1 Bd5+ 30. Ke3 R8a3+ 31. Rd3 e4 32. Rxa3 Rxa3+ 33. Kf4
Ke6 34. Be3 Be5+ 35. Kg5 Ra1 36. f4 exf3 37. Nd3 Ra2 38. Rc1 Bd6 39. Bd4 Kd7
40. Nc5+ Bxc5 41. Bxc5 Be4 42. Kf4 Bxc2 43. Kxf3 1/2-1/2

[Event "Cappelle-la-Grande"]
[Site "Cappelle-la-Grande (FRA)"]
[Date "2013.02.23"]
[Round "1.38"]
[White "Arutinian, David"]
[Black "Rambaldi, Francesco"]
[Result "1-0"]
[WhiteElo "2545"]
[BlackElo "2321"]
[PlyCount "103"]
[EventDate "2013.??.??"]

1. Nf3 c5 2. c4 Nc6 3. g3 e5 4. Nc3 g6 5. Bg2 Bg7 6. d3 Nge7 7. a3 O-O 8. O-O
d6 9. Rb1 a5 10. Bd2 Rb8 11. Qa4 Bd7 12. Nb5 Na7 13. Bxa5 Qe8 14. Bc7 Ra8 15.
Qxa7 Rxa7 16. Nxa7 d5 17. cxd5 Nxd5 18. Bd6 Be6 19. e4 Nf6 20. b3 Qd7 21. Bxf8
Bxf8 22. a4 Qxd3 23. Nxe5 Qc2 24. Nc4 Nxe4 25. Ne3 Qd3 26. Rfd1 Qa6 27. Nb5 f5
28. Nd5 Bf7 29. Ndc3 Nxc3 30. Nxc3 Qf6 31. Nd5 Qd6 32. Nf4 Qc7 33. Re1 Bd6 34.
Nd5 Qd8 35. Ne3 Qc7 36. Nc4 Bf8 37. Ne5 Bg7 38. Nxf7 Kxf7 39. Bd5+ Kf8 40. Re6
Bd4 41. Rbe1 Qd7 42. Bc4 Qd8 43. R1e2 f4 44. R2e4 fxg3 45. Rf4+ Kg7 46. hxg3
Qc7 47. Re8 Qd6 48. Kh2 h5 49. Rf7+ Kh6 50. Re6 Qd8 51. Bd3 Bf6 52. Be4 1-0

[Event "Cappelle-la-Grande"]
[Site "Cappelle-la-Grande (FRA)"]
[Date "2013.02.23"]
[Round "1.40"]
[White "Jojua, Davit"]
[Black "Atakisi, Umut"]
[Result "1/2-1/2"]
[WhiteElo "2543"]
[BlackElo "2320"]
[PlyCount "80"]
[EventDate "2013.??.??"]

1. d4 Nf6 2. c4 g6 3. Nc3 d5 4. Bg5 Ne4 5. Bf4 Nxc3 6. bxc3 Bg7 7. e3 O-O 8.
Nf3 c5 9. cxd5 cxd4 10. cxd4 Qxd5 11. Be2 Nc6 12. O-O Bf5 13. Qa4 Qa5 14. Qb3
Qb4 15. Bc4 Qxb3 16. axb3 a6 17. Bd5 Nb4 18. Bc4 b5 19. Be2 Rac8 20. Rfc1 Bc2
21. Bd1 Bxd1 22. Rxd1 Rc3 23. Rab1 Nd5 24. Be5 Rfc8 25. e4 Bxe5 26. Nxe5 Nb4
27. d5 Rc2 28. Ng4 Na2 29. Ne3 Nc3 30. Nxc2 Nxd1 31. Rxd1 Rxc2 32. Ra1 Rb2 33.
f3 Rxb3 34. Rxa6 Rb2 35. Rb6 b4 36. Rb8+ Kg7 37. e5 b3 38. d6 exd6 39. exd6 Rd2
40. Rxb3 Rxd6 1/2-1/2

[Event "Cappelle-la-Grande"]
[Site "Cappelle-la-Grande (FRA)"]
[Date "2013.02.23"]
[Round "1.41"]
[White "Frois, Antonio"]
[Black "Maiorov, Nikita"]
[Result "1/2-1/2"]
[WhiteElo "2320"]
[BlackElo "2542"]
[PlyCount "85"]
[EventDate "2013.??.??"]

1. Nf3 Nf6 2. c4 b6 3. g3 Bb7 4. Bg2 g6 5. O-O Bg7 6. Nc3 O-O 7. d4 Ne4 8. Bd2
d6 9. Nxe4 Bxe4 10. Rc1 Nd7 11. Bc3 e6 12. Qd2 Nf6 13. Rfd1 Bb7 14. Qc2 Ne4 15.
Be1 Nf6 16. Bc3 Be4 17. Qd2 a5 18. b3 Qe7 19. Qf4 a4 20. Nd2 Bxg2 21. Kxg2 Nd7
22. Qf3 f5 23. Qc6 Ra7 24. e3 e5 25. dxe5 Nxe5 26. Bxe5 Qxe5 27. Nf3 Qb2 28.
Qd5+ Kh8 29. Nd4 Ra5 30. Rc2 Rxd5 31. Rxb2 Re5 32. Rc2 axb3 33. axb3 Ra8 34.
Nb5 Re7 35. Rdd2 Be5 36. Ra2 Rxa2 37. Rxa2 c6 38. Ra7 Re8 39. Nc7 Re7 40. f4
Bb2 41. Ra8+ Kg7 42. Ne8+ Kh6 43. Nxd6 1/2-1/2

[Event "Cappelle-la-Grande"]
[Site "Cappelle-la-Grande (FRA)"]
[Date "2013.02.23"]
[Round "1.42"]
[White "Kurajica, Bojan"]
[Black "Chomet, Pascal"]
[Result "1-0"]
[WhiteElo "2539"]
[BlackElo "2318"]
[PlyCount "71"]
[EventDate "2013.??.??"]

1. Nf3 d6 2. d4 g6 3. g3 Bg7 4. Bg2 Nf6 5. O-O O-O 6. c4 Nbd7 7. Nc3 e5 8. Qc2
Re8 9. Rd1 c6 10. e4 Qe7 11. b3 exd4 12. Nxd4 Nc5 13. f3 Qc7 14. Be3 h5 15. Qd2
a5 16. Nde2 Bf8 17. Bf4 Qb6 18. Kh1 a4 19. Rab1 axb3 20. axb3 h4 21. gxh4 d5
22. cxd5 cxd5 23. e5 Bf5 24. exf6 Bxb1 25. Rxb1 d4 26. Qxd4 Rad8 27. Qg1 Qb4
28. h5 Nd3 29. Bg3 Bc5 30. Qf1 gxh5 31. f4 Kh8 32. Qf3 Rxe2 33. Qxh5+ Kg8 34.
Nxe2 Qd2 35. Be4 Nxf4 36. Qh7+ 1-0

[Event "Cappelle-la-Grande"]
[Site "Cappelle-la-Grande (FRA)"]
[Date "2013.02.23"]
[Round "1.43"]
[White "Afek, Yochanan"]
[Black "Djukic, Nikola"]
[Result "0-1"]
[WhiteElo "2310"]
[BlackElo "2538"]
[PlyCount "62"]
[EventDate "2013.??.??"]

1. e4 c5 2. Nf3 Nc6 3. c3 Nf6 4. e5 Nd5 5. Bc4 Nb6 6. Bb3 g6 7. d4 cxd4 8. cxd4
Bg7 9. Bf4 d6 10. exd6 O-O 11. h3 exd6 12. O-O Na5 13. Bc2 Be6 14. Nc3 Nd5 15.
Bg5 Qb6 16. Be4 Nxc3 17. bxc3 Rac8 18. Qd2 Nc4 19. Qf4 d5 20. Rab1 Qc6 21. Bd3
f6 22. Qh4 fxg5 23. Nxg5 h6 24. Nxe6 Qxe6 25. Rxb7 Nd6 26. Rxa7 Rxc3 27. Bb1
Nb5 28. Rb7 Na3 29. Ra7 g5 30. Qh5 Nxb1 31. Rxb1 Bxd4 0-1

[Event "Cappelle-la-Grande"]
[Site "Cappelle-la-Grande (FRA)"]
[Date "2013.02.23"]
[Round "1.44"]
[White "Kharitonov, Alexandr"]
[Black "Dolzhykova, Kateryna"]
[Result "1-0"]
[WhiteElo "2536"]
[BlackElo "2309"]
[PlyCount "75"]
[EventDate "2013.??.??"]

1. d4 Nf6 2. c4 g6 3. g3 Bg7 4. Bg2 d6 5. Nf3 c6 6. O-O O-O 7. Nc3 Bf5 8. b3
Ne4 9. Bb2 Nxc3 10. Bxc3 Be4 11. Qd2 d5 12. Qe3 Nd7 13. Bh3 Bxf3 14. Qxf3 dxc4
15. bxc4 Nb6 16. Rab1 Qc7 17. c5 Nd5 18. Ba1 e6 19. Qb3 Rab8 20. Qa4 b5 21.
cxb6 axb6 22. Rfc1 b5 23. Qc2 Rfc8 24. e4 Ne7 25. d5 Bxa1 26. Rxa1 Qe5 27. Qc5
exd5 28. Bxc8 Rxc8 29. Re1 Qc7 30. a4 dxe4 31. Rxe4 Nf5 32. a5 Nd6 33. Ree1 Nb7
34. Qa7 Nd6 35. Qc5 Nb7 36. Qe7 c5 37. Qxc7 Rxc7 38. a6 1-0